Know your place (Record no. 67147)

MARC details
000 -LEADER
fixed length control field 01351cam a2200277 4500
001 - CONTROL NUMBER
control field ABS64012
008 - FIXED-LENGTH DATA ELEMENTS--GENERAL INFORMATION
fixed length control field 000000n2001 000 0 eng u
035 ## - SYSTEM CONTROL NUMBER
System control number (Sirsi) u112776
100 ## - MAIN ENTRY--PERSONAL NAME
Personal name Shepherd, P
245 ## - TITLE STATEMENT
Title Know your place
260 ## - PUBLICATION, DISTRIBUTION, ETC.
Date of publication, distribution, etc. 2001
490 ## - SERIES STATEMENT
Series statement Estates Gazette
Volume/sequential designation (0118) 5 May 2001, 170(1)
520 ## - SUMMARY, ETC.
Summary, etc. Considers the service of break notices as examined in "Claire's Accessories UK Ltd v Kensington High Street Associates LLC". The case raised the question of the place at which a notice has to be served, due to a general proviso in Claire's Accessories' lease stating that notice will be sent to the company's registered office. The court concluded that mandatory contractual provisions for service of notices can override the permissive wording of the Law of Property Act 1925 s196. Case law.
590 ## - LOCAL NOTE (RLIN)
Local note ABS
650 ## - SUBJECT ADDED ENTRY--TOPICAL TERM
Topical term or geographic name entry element BREAK CLAUSES
650 ## - SUBJECT ADDED ENTRY--TOPICAL TERM
Topical term or geographic name entry element LITIGATION
650 ## - SUBJECT ADDED ENTRY--TOPICAL TERM
Topical term or geographic name entry element BUSINESS TENANCIES
650 ## - SUBJECT ADDED ENTRY--TOPICAL TERM
Topical term or geographic name entry element LAW OF PROPERTY ACT 1925
650 ## - SUBJECT ADDED ENTRY--TOPICAL TERM
Topical term or geographic name entry element CLAIRE'S ACCESSORIES UK LTD V KENSINGTON HIGH STREET ASSOCIATES LLC
650 ## - SUBJECT ADDED ENTRY--TOPICAL TERM
Topical term or geographic name entry element CAPITAL LAND HOLDINGS LTD V SOS ENVIRONMENT
650 ## - SUBJECT ADDED ENTRY--TOPICAL TERM
Topical term or geographic name entry element YATES BUILDING CO LTD V RJ PULLEYN & SONS (YORK) LTD
650 ## - SUBJECT ADDED ENTRY--TOPICAL TERM
Topical term or geographic name entry element MANNAI INVESTMENT CO LTD V EAGLE STAR LIFE ASSURANCE CO LTD UK
650 ## - SUBJECT ADDED ENTRY--TOPICAL TERM
Topical term or geographic name entry element SERVING NOTICES
690 ## - LOCAL SUBJECT ADDED ENTRY--TOPICAL TERM (OCLC, RLIN)
Topical term or geographic name as entry element LANDLORD AND TENANT-LEASES
942 ## - ADDED ENTRY ELEMENTS (KOHA)
Suppress in OPAC 0
Holdings
Withdrawn status Lost status Source of classification or shelving scheme Damaged status Not for loan Home library Current library Shelving location Date acquired Total Checkouts Full call number Barcode Date last seen Copy number Price effective from Koha item type
    Dewey Decimal Classification     London London Journal article 25/05/2001   ABS64012 112776-1001 06/08/2019 1 06/08/2019 Journal article